00999nam a22001937a 4500003000800000008004100008037002000049040003500069041000800104080001100112100003000123245023700153260008200390300002300472502018500495650007300680655002300753700002900776BI-BuBU260422b2025 bd fr|||| 000 0 fre d bDon de l'auteur aBI-BuBUbfrecBI-BuBUdBI-BuBU0 afre a613.961 4aut.aNitunga, Jean Bosco10aFacteurs associés à la consommation des substances psychoactives chez les adolescents fréquentant les écoles post-fondamentales au Burundi en 2024bcas de la commune MuyingacJean Bosco Nitunga ; Florence Munezero, directeur aBujumburabUniversité du Burundi, Institut de Statistique Appliquéec2025 aXIII-65 f.c30 cm. aMémoire présenté et soutenu publiquement en vue de l'obtention d'un diplôme de master en probabilité, statistique et modélisation. Option : Probabilité et Statistique 72BI-BuBUaAdolescentxSubstance psychoactivey2024zMuyinga (commune) 72BI-BuBUaMémoire1 4aut.aMunezero, Florence